000 01325nam a22003617a 4500
003 CHAP
005 20220817043205.0
008 971013s1981 r 00010 d
010 _a68006
011 _a68978
035 _a78452
040 _cCHAP
090 _aTesis
100 0 0 _aGuzmán Miranda, Rafael Heriberto.
_951986
245 _aResistencia en hortalizas al ataque del nemátodo de los nódulos radiculares Meloidogyne spp. bajo condiciones de invernadero
_b: parte II verano-otoño
260 _aMonterrey, N. L. :
_bEl autor,
_c1981
300 _a68 h.
500 _a26-137
502 _aTesis (Ing. Agrónomo. Esp. en Parasitología). -- ITESM. División de Ciencias Agropecuarias y Marítimas
590 _aALEPH
_b10
_c20130110
_lUCH01
_h1404
590 _aBATCH-UPD
_b10
_c20130110
_lUCH01
_h0106
590 _aBATCH-UPD
_b10
_c20130110
_lUCH01
_h0637
590 _aBATCH-UPD
_b10
_c20130409
_lUCH01
_h2057
590 _aBATCH-UPD
_b10
_c20130410
_lUCH01
_h0626
590 _aBATCH-UPD
_b10
_c20130914
_lUCH01
_h1121
590 _aCONVERSION
_b10
_c20130109
_lUCH01
_h1337
650 1 4 _aCultivos
_xVariedades resistentes a plagas.
_930336
650 1 4 _aMeloidogyne.
_974428
650 1 4 _aNemátodos parásitos de plantas.
901 _aBK
942 _cTESIS
949 _bBC
_cTES
_d-31326
_eTS1
_h18356
_i78452
_si
999 _c68006
_d68006